00314nam a2200109Ia 4500008004100000041000800041100002000049245006400069260003500133300000800168700002800176250110s9999 xx 000 0 und d aeng aNandgude Sayali aFive Star Hotel At Hinjewadi : Living In Area Glorious Past bFinal Year B. Arch, BNCAc2014 a99p aGuide Name:Joshi Shruti